Normal view MARC view
  • Mexicali, Baja California (Norte)

Entry Nombre Geográfico

Number of records used in: 1

001 - NÚMERO DE CONTROL

  • campo de control: 46091

003 - IDENTIFICADOR DE NUMERO DE CONTROL

  • campo de control: UPN

005 - FECHA Y HORA DE LA ÜLTIMA TRANSACCIÓN

  • campo de control: 20220905091712.0

008 - DATOS DE LONGITUD FIJA

  • campo de control de longitud fija: 220905nn acannaabn n ana d

040 ## - FUENTE DE CATALOGACIÓN

  • Lenguaje de catalogación: SPA
  • Agencia de transcripción: UPN
  • Agencia de catalogación original: UPN

151 ## - ENCABEZAMIENTO - NOMBRE GEOGRÁFICO

  • Nombre geográfico: Mexicali, Baja California (Norte)
  • Subdivisión general : Vida social y costumbres
  • Subdivisión de forma: Novela

670 ## - FUENTE EN LA QUE SE LOCALIZARON DATOS

  • Cita de la fuente: E/P
  • Información localizada: Mexicali, Baja California (Norte)

902 ## - CATALOGADOR

  • Catalogador: CAA/240511